Investigation on the preparation and properties of reactivity evaporate lead sulphide the tin telluride thin films (Record no. 14557)
[ view plain ]
| 000 -LEADER | |
|---|---|
| fixed length control field | 00873nam a2200253 a 4500 |
| 001 - CONTROL NUMBER | |
| control field | adlib96000001 |
| 003 - CONTROL NUMBER IDENTIFIER | |
| control field | ViArRB |
| 005 - DATE AND TIME OF LATEST TRANSACTION | |
| control field | 200902210153555.7 |
| 008 - FIXED-LENGTH DATA ELEMENTS--GENERAL INFORMATION | |
| fixed length control field | 960221s1955 dcuabcdjdbkoqu001 0deng d |
| 020 ## - INTERNATIONAL STANDARD BOOK NUMBER | |
| International Standard Book Number | |
| 022 ## - INTERNATIONAL STANDARD SERIAL NUMBER | |
| International Standard Serial Number | |
| 040 ## - CATALOGING SOURCE | |
| Original cataloging agency | Adlib |
| 082 ## - DEWEY DECIMAL CLASSIFICATION NUMBER | |
| Classification number | 539.2.216:549.32/.33 |
| 100 ## - MAIN ENTRY--PERSONAL NAME | |
| Personal name | Palson, T I |
| Relator term | |
| 245 ## - TITLE STATEMENT | |
| Title | Investigation on the preparation and properties of reactivity evaporate lead sulphide the tin telluride thin films |
| 250 ## - EDITION STATEMENT | |
| Edition statement | |
| 260 ## - PUBLICATION, DISTRIBUTION, ETC. (IMPRINT) | |
| Place of publication, distribution, etc | Cochin University |
| Name of publisher, distributor, etc | Dept. of physics |
| Date of publication, distribution, etc | 1987 |
| 300 ## - PHYSICAL DESCRIPTION | |
| Extent | 201p. |
| Dimensions | |
| 500 ## - GENERAL NOTE | |
| General note | Ph. D thesis |
| 653 ## - INDEX TERM--UNCONTROLLED | |
| Uncontrolled term | Thin films |
| -- | physics of thin films |
| -- | lead suphide films |
| -- | tin telluride films |
| -- | sulphide films |
| -- | telluride films |
| 700 ## - ADDED ENTRY--PERSONAL NAME | |
| Personal name | |
| -- | |
| 942 ## - ADDED ENTRY ELEMENTS (KOHA) | |
| Koha item type | Reference |
| Withdrawn status | Lost status | Damaged status | Not for loan | Home library | Current library | Date acquired | Total Checkouts | Full call number | Barcode | Date last seen | Price effective from | Koha item type |
|---|---|---|---|---|---|---|---|---|---|---|---|---|
| University Library | University Library | 16/06/2010 | 539.2.216:549.32/.33 PAL T | G0003740 | 16/06/2010 | 16/06/2010 | Reference |
